Three Kingdoms: (Record no. 611352)
[ view plain ]
| 000 -LEADER | |
|---|---|
| fixed length control field | 00378nam a22001217a 4500 |
| 020 ## - INTERNATIONAL STANDARD BOOK NUMBER | |
| International Standard Book Number | 7119016660 |
| 082 ## - DEWEY DECIMAL CLASSIFICATION NUMBER | |
| Classification number | 895.134 |
| Author Mark | GUA |
| 245 ## - TITLE STATEMENT | |
| Title | Three Kingdoms: |
| Remainder of title | A Historical Novel III / |
| Statement of responsibility, etc. | Attributed by Luo Guanzhong ; Translated by Moss Roberts |
| 260 ## - PUBLICATION, DISTRIBUTION, ETC. | |
| Place of publication, distribution, etc. | Beijing : |
| Name of publisher, distributor, etc. | Foreign Languages Press, |
| Date of publication, distribution, etc. | 2006. |
| 300 ## - PHYSICAL DESCRIPTION | |
| Extent | 1137-1690 p. ; |
| Dimensions | 22 cm. |
| 563 ## - BINDING INFORMATION | |
| Binding note | Hardcover. |
| 942 ## - ADDED ENTRY ELEMENTS (KOHA) | |
| Source of classification or shelving scheme | |
| Koha item type | Book |
| Withdrawn status | Lost status | Source of classification or shelving scheme | Damaged status | Not for loan | Permanent Location | Current Location | Shelving location | Date acquired | Source of acquisition | Total Checkouts | Full call number | Barcode | Date last seen | Date last checked out | Price effective from | Koha item type |
|---|---|---|---|---|---|---|---|---|---|---|---|---|---|---|---|---|
| Central Library (CL) | Central Library (CL) | Chinese Studies | 09/03/2024 | Donated by Chinese Studies Center | 1 | 895.134 GUA | CL-D-2637 | 10/22/2025 | 09/12/2025 | 09/03/2024 | Book |
